Ordenació borsària : tasques de la Comissió d'Estructuració de la Borsa Catalana : avantprojecte, antecedents, deliberacions tasques de la Comissió d'Estructuració de la Borsa Catalana :
Descripción Física:
173 p., [2] f. ; 24 cm
MARC
| LEADER | 00000nam a2200000Ia 4500 | ||
|---|---|---|---|
| 001 | 542 | ||
| 003 | BGR | ||
| 005 | 20260324175422.0 | ||
| 008 | 160829s1933 xx 000 0 cat d | ||
| 080 | |a M-1-256 | ||
| 110 | |a Catalunya |9 66086 |b Comissió d'Estructuració de la Borsa Catalana | ||
| 245 | |a Ordenació borsària : |b tasques de la Comissió d'Estructuració de la Borsa Catalana : |b avantprojecte, antecedents, deliberacions | ||
| 260 | |a Barcelona : |b (Tip. Cosmos), |c 1933 | ||
| 300 | |a 173 p., [2] f. ; |c 24 cm | ||
| 590 | |a A la introducció: Avantprojecte de Bases per a l'estructuració de la Borsa de Comerç de Barcelona. | ||
| 650 | |a Borsa de Comerç de Barcelona |9 32918 | ||
| 650 | |a Borsa de valors |x Barcelona |9 32919 | ||
| 710 | 2 | |a Borsa de Barcelona |9 70681 | |
| 901 | |a Arxiu | ||
| 942 | |n 1 |2 udc |c MON | ||
| 952 | |0 0 |1 0 |4 0 |6 M1256 |7 1 |9 46144 |a Arxiu |b Arxiu |d 2016-12-01 |l 0 |o M-1-256 |p 542 |r 2016-12-01 00:00:00 |w 2016-12-01 |y ARXIU | ||
| 999 | |c 49646 |d 49646 | ||